000 00503nam a2200169Ia 4500
008 090711s9999 xx 000 0 und d
082 _b28079
100 _aहसमनीस द. का.
245 _aसोन्याSाी पाऊल
260 _c1973
300 _a148
600 _aहसमनीस द. का.
630 _aसोन्याSाी पाऊल
700 _aहसमनीस द. का.
730 _aसोन्याSाी पाऊल
942 _cBOOK
999 _c298858
_d298858